Vicious (Lyrics)- Sabrina Carpenter - Statistics

General Stats
  • This quiz has been taken 118 times
  • The average score is 216 of 251
Answer Stats
Answer % Correct
a
100%
I
100%
be
98%
you
98%
You
98%
me
96%
One
96%
one
96%
your
96%
But
95%
but
95%
so
95%
the
95%
vicious
95%
vicious?
95%
an
93%
And
93%
and
93%
that
93%
then
93%
to
93%
To
93%
was
93%
You're
93%
you're
93%
best
91%
in
91%
it
91%
Love
91%
love
91%
Oh
91%
oh
91%
Why
91%
'Cause
89%
didn't
89%
think
89%
gotta
88%
ten
88%
thousand
88%
bad
86%
for
86%
I'm
86%
like
86%
moments
86%
When
86%
year
86%
my
84%
pretend
84%
don't
82%
heart
82%
is
82%
just
82%
fuck
80%
up
80%
wish
80%
worst
80%
all
79%
could
79%
if
79%
If
79%
loved
79%
burden
77%
commotion
77%
life
77%
no
77%
of
77%
tried
77%
whoever
77%
would
77%
angel
75%
carried
75%
caused
75%
Crush
75%
emotion
75%
feel
75%
her
75%
look
75%
lucky
75%
Now
75%
person
75%
private
75%
run
75%
woman
75%
heated
73%
hurt
73%
image
73%
known
73%
only
73%
quietly
73%
shit
73%
there
73%
use
73%
along
71%
can't
71%
certain
71%
died
71%
different
71%
dressed
71%
everyone
71%
insecure
71%
Said
71%
shoulda
71%
thinks
71%
type
71%
winnin'
71%
wreck
71%
acting
70%
I've
70%
kinda
70%
next
70%
out
70%
smart
70%
somewhere
70%
wordin'
70%
listenin'
68%
remorse
68%
effects
66%
neglects
66%
take
66%
as
64%
intuition
64%
promise
64%
Who's
64%
resist
63%
Half
59%
songs
59%
then
30%
No matching quizzes found
Score Distribution
Percent of People with Each Score
Percentile by Number Answered
Your Score History
You have not taken this quiz